000 00243nam a2200097Ia 4500
001 724636
005 20250826163354.0
008 250824s9999 xx 000 0 und d
245 0 _aYAĞMUR AKŞAMLARI
_cSELİM İLERİ
260 _bEVEREST YAYINLARI
999 _c724636
_d724636